Pakistan: (Record no. 9505)
[ view plain ]
| 000 -LEADER | |
|---|---|
| fixed length control field | 01000nam a2200337 a 4500 |
| 001 - CONTROL NUMBER | |
| JCCL Control Number | 9505 |
| 003 - CONTROL NUMBER IDENTIFIER | |
| JCCL marc code | Bd-JhCC |
| 005 - DATE AND TIME OF LATEST TRANSACTION | |
| control field | 20180319183534.0 |
| 008 - FIXED-LENGTH DATA ELEMENTS--GENERAL INFORMATION | |
| fixed length control field | 180315s1972 nyua b 001 0 eng d |
| 020 ## - INTERNATIONAL STANDARD BOOK NUMBER | |
| International Standard Book Number | 0231036256 |
| 035 ## - SYSTEM CONTROL NUMBER | |
| system control number | MITb10217521 |
| 035 ## - SYSTEM CONTROL NUMBER | |
| system control number | (Bd-JhCC)9505 |
| 035 ## - SYSTEM CONTROL NUMBER | |
| system control number | GLIS00217521 |
| 040 ## - CATALOGING SOURCE | |
| Original cataloging agency | Bd-JhCC |
| Transcribing agency | DLC |
| Modifying agency | Bd-JhCC |
| 041 ## - LANGUAGE CODE | |
| Language code of Book | eng |
| 082 ## - DEWEY DECIMAL CLASSIFICATION NUMBER | |
| Classification number | 320.954904 |
| Author mark and Year | ROU 1973 |
| 090 ## - LOCALLY ASSIGNED LC-TYPE CALL NUMBER (OCLC); LOCAL CALL NUMBER (OCLC) | |
| Classification number (OCLC) (R) ; Classification number, CALL (RLIN) (NR) | DS384 |
| Local cutter number (OCLC) ; Book number/undivided call number, CALL (RLIN) | .J25 |
| 099 ## - LOCAL FREE-TEXT CALL NUMBER | |
| Classification number | DS384.J25 |
| 100 1# - MAIN ENTRY--PERSONAL NAME | |
| Personal name | Jahan, Rounaq. |
| 245 10 - TITLE STATEMENT | |
| Title | Pakistan: |
| Remainder of title | failure in national integration / |
| Statement of responsibility, etc | Rounaq Jahan, |
| 260 ## - PUBLICATION, DISTRIBUTION, ETC. (IMPRINT) | |
| Place of publication, distribution, etc | New York, |
| Name of publisher, distributor, etc | Columbia University Press |
| Date of publication, distribution, etc | [1972] |
| 300 ## - PHYSICAL DESCRIPTION | |
| Pagination | ix, 248 p. |
| Other physical details | illus. |
| Dimensions | 23 cm. |
| 504 ## - BIBLIOGRAPHY, ETC. NOTE | |
| Bibliography, etc | Bibliography: p. 217-237. |
| 650 ## - SUBJECT ADDED ENTRY--TOPICAL TERM | |
| Topical term or geographic name as entry element | Politics and government. |
| 651 #0 - SUBJECT ADDED ENTRY--GEOGRAPHIC NAME | |
| Geographic name | Pakistan |
| General subdivision | Politics and government. |
| Geographic subdivision | Pakistan |
| 651 #0 - SUBJECT ADDED ENTRY--GEOGRAPHIC NAME | |
| Geographic name | Pakistan |
| General subdivision | Social conditions. |
| 651 #0 - SUBJECT ADDED ENTRY--GEOGRAPHIC NAME | |
| Geographic name | Pakistan |
| General subdivision | Economic conditions. |
| 942 ## - ADDED ENTRY ELEMENTS (KOHA) | |
| Source of classification or shelving scheme | Dewey Decimal Classification |
| Koha item type | Books |
| 949 ## - LOCAL PROCESSING INFORMATION (OCLC) | |
| a | MYGD |
| b | [!39080000092657!] |
| Source of classification or shelving scheme | Damaged status | Not for loan | Home library | Current library | Shelving location | Date of accession | Total Checkouts | Full call number | Barcode | Date last seen | Copy number | Koha item type |
|---|---|---|---|---|---|---|---|---|---|---|---|---|
| Dewey Decimal Classification | JCC Rouf Library | JCC Rouf Library | General Stacks | 03/15/2018 | 320.954904 ROU 1973 | 12501 | 03/15/2018 | C-1 | Books | |||
| Dewey Decimal Classification | JCC Rouf Library | JCC Rouf Library | 320.954904 ROU 1973 | 12642 | 03/19/2018 | C-2 | Books |